Safar-i Ḥijāz. ;; سفر حجاز / (Record no. 83689)
[ view plain ]
| 000 -LEADER | |
|---|---|
| fixed length control field | 00811cam a22002411 4500 |
| 001 - CONTROL NUMBER | |
| control field | 83689 |
| 003 - CONTROL NUMBER IDENTIFIER | |
| rucl marc code | BD-RjUL |
| 005 - DATE AND TIME OF LATEST TRANSACTION | |
| control field | 20240508131727.0 |
| 008 - FIXED-LENGTH DATA ELEMENTS--GENERAL INFORMATION | |
| fixed length control field | 240507s19801400ii b b 000 0 urdr |
| 035 ## - SYSTEM CONTROL NUMBER | |
| System control number | (BD-RjUL) 83689 |
| 040 ## - CATALOGING SOURCE | |
| Original cataloging agency | DLC |
| Transcribing agency | WaU |
| Modifying agency | DLC |
| Language of cataloging | eng |
| 041 ## - LANGUAGE CODE | |
| Language code of text/sound track or separate title | urd |
| 082 ## - DEWEY DECIMAL CLASSIFICATION NUMBER | |
| Edition number | 23 |
| Classification number | 297.35201538 |
| Author mark and year | DAS 1955 |
| 100 0# - MAIN ENTRY--PERSONAL NAME | |
| Personal name | Abdul Majid ;; ,عبد المجید |
| Dates associated with a name | 1892-1977. |
| 9 (RLIN) | 12905 |
| 245 10 - TITLE STATEMENT | |
| Title | Safar-i Ḥijāz. ;; سفر حجاز / |
| Statement of responsibility, etc. | عبد المجید ;; Abdul Majid |
| 260 ## - PUBLICATION, DISTRIBUTION, ETC. (IMPRINT) | |
| Date of publication, distribution, etc. | 1955 |
| Place of publication, distribution, etc. | ادارہ انشائے ماجدی;; |
| Name of publisher, distributor, etc. | Kolkata : |
| 300 ## - PHYSICAL DESCRIPTION | |
| Pagination | 476 p. |
| Illustrations | maps. |
| Size | 22 cm. |
| 500 ## - GENERAL NOTE | |
| General note | In Urdu. |
| 504 ## - BIBLIOGRAPHY, ETC. NOTE | |
| Bibliography, etc | Bibliographical footnotes. |
| 650 #0 - SUBJECT ADDED ENTRY--TOPICAL TERM | |
| Topical term or geographic name as entry element | Pilgrims and pilgrimages |
| Geographic subdivision | Saudi Arabia |
| -- | Mecca. |
| 9 (RLIN) | 12906 |
| 651 #0 - SUBJECT ADDED ENTRY--GEOGRAPHIC NAME | |
| Geographic name | Hejaz (Saudi Arabia) |
| General subdivision | Description and travel. |
| 9 (RLIN) | 12907 |
| 942 ## - ADDED ENTRY ELEMENTS (KOHA) | |
| Source of classification or shelving scheme | Dewey Decimal Classification |
| Koha item type | Books |
| Lost status | Source of classification or shelving scheme | Damaged status | Not for loan | Collection code | Permanent Location | Current Location | Shelving location | Date acquired | Source of acquisition | Cost, normal purchase price | Total Checkouts | Full call number | Date last seen | Copy number | Koha item type |
|---|---|---|---|---|---|---|---|---|---|---|---|---|---|---|---|
| Dewey Decimal Classification | Not For Loan | Non-fiction | Central Library, University of Rajshahi | Central Library, University of Rajshahi | Reading Room | 24/08/1982 | India International Calcutta | 40.00 | U 297.35201538 DAS 1955 | 08/05/2024 | C-1 | Books |